| 000 | 01059nam a2200253 a 4500 | ||
|---|---|---|---|
| 001 | 40439 | ||
| 003 | BD-RjUL | ||
| 005 | 20211209053219.0 | ||
| 008 | 160502s1973 bg ||||| |||| 00| 0 ben d | ||
| 020 | _c: Tk. 15.00 | ||
| 035 | _a(BD-RjUL)40554 | ||
| 040 |
_aBD-RjUL _bben _cBD-RjUL |
||
| 041 | _aben | ||
| 082 |
_223 _a121 _bBRA 1973 |
||
| 100 |
_aব্রাইসন, লিম্যান _9124573 |
||
| 245 | 1 | 0 |
_aআধুনিক জগৎ ও মানবজ্ঞান / _c লিম্যান ব্রাইসন ; অনুবাদ : আখতারুজ্জামান ... [ এবং অন্যান্য] |
| 260 |
_aঢাকা : _bবাংলা একাডেমী, _c১৯৭৩ |
||
| 300 |
_a১৬, ৬৫০ পৃ. ; _c২০ সেমি. |
||
| 490 |
_aবা.এ. ; _v৪০৬ |
||
| 650 |
_aজ্ঞানতত্ব _9124574 |
||
| 650 |
_aEpistemology _9120492 |
||
| 700 |
_aআখতারুজ্জামান ... [ এবং অন্যান্য], অনুবাদক _9124575 |
||
| 942 |
_2ddc _cBK |
||
| 999 |
_c40439 _d40439 |
||